000
00264nam a2200109Ia 4500
008
190216s9999||||xx |||||||||||||| ||und||
100
_a
Prabhakara Warier
245
0
_a
Malayalam-Swanima Vinjaanam
260
_b
Vidyarthimithram
650
_a
Malayalam
942
_c
BK
999
_c
26275
_d
26275